Сейсмическая разведка: учебник

Մատենագիտական մանրամասներ
Հիմնական հեղինակ: Гурвич И. И. Илья Исидорович
Այլ հեղինակներ: Боганик Г. Н. Генри Николаевич
Լեզու:ռուսերեն
Հրապարակվել է: Москва, Гостоптехиздат, 1960
Խորագրեր:
Ձևաչափ: Գիրք
KOHA link:https://koha.lib.tpu.ru/cgi-bin/koha/opac-detail.pl?biblionumber=66437

MARC

LEADER 00000nam0a2200000 4500
001 66437
005 20231101212247.0
035 |a (RuTPU)RU\TPU\book\70620 
035 |a RU\TPU\book\34878 
090 |a 66437 
100 |a 20040819d1960 m y0rusy50 ca 
101 0 |a rus 
102 |a RU 
105 |a a j 001zy 
200 1 |a Сейсмическая разведка  |e учебник  |f И. И. Гурвич, Г. Н. Боганик 
210 |a Москва  |c Гостоптехиздат  |d 1960 
215 |a 504 с. 
606 |a Сейсмическая разведка  |2 stltpush  |3 (RuTPU)RU\TPU\subj\54338  |9 72495 
610 1 |a методы 
610 1 |a учебники 
610 1 |a геофизика 
610 1 |a геология 
610 1 |a сейсмические волны 
610 1 |a аппаратура 
610 1 |a интерпретация 
675 |a 550.834(075.8)  |v 3 
700 1 |a Гурвич  |b И. И.  |g Илья Исидорович 
701 1 |a Боганик  |b Г. Н.  |g Генри Николаевич 
801 2 |a RU  |b 63413507  |c 20210621  |g PSBO 
900 |a Сейсморазведка 
900 |a Основы сейсморазведки 
942 |c BK